| 000 | 02139mam a2200313 a 4500 | ||
|---|---|---|---|
| 001 | 2281293 | ||
| 003 | ARRUPE | ||
| 005 | 20150113125743.0 | ||
| 008 | 980713s1999 iluab b 001 0 eng | ||
| 010 | _a 98030327 | ||
| 020 | _a0226120171 (alk. paper) | ||
| 020 | _a0226120198 (pbk. : alk. paper) | ||
| 035 | _a(OCoLC)ocm39556440 | ||
| 040 |
_aDLC _cDLC _dC#P _dOrLoB-B |
||
| 043 | _an-us-ny | ||
| 050 | 0 | 0 |
_aQC789.2.U62 _bB763 1999 |
| 082 | 0 | 0 |
_a539.7/0720747/25 _221 |
| 100 | 1 |
_aCrease, Robert P. _913653 |
|
| 245 | 1 | 0 |
_aMaking physics : _ba biography of Brookhaven National Laboratory, 1946-1972 / _cRobert P. Crease. |
| 260 |
_aChicago : _bUniversity of Chicago Press, _c1999. |
||
| 300 |
_axii, 434 p. : _bill., maps ; _c24 cm. |
||
| 504 | _aIncludes bibliographical references (p. 413-423) and index. | ||
| 505 | 0 | 0 |
_g1. _tA Team of Young General Groveses -- _g2. _tA Reluctant Director, a Remote Site -- _g3. _tNational Laboratory -- _g4. _tThe "Brookhaven Concept" -- _g5. _tThe Pile Project -- _g6. _tCommunity Relations -- _g7. _tThe Accelerator Project -- _g8. _tReactor Research in the 1950s -- _g9. _t"For the Enlightenment and Benefit of Mankind": Research at the Cosmotron -- _g10. _tGoldhaber's Directorship -- _g11. _tResearch at the Alternating Gradient Synchrotron -- _g12. _tThe High Flux Beam Reactor -- _g13. _tCrossroad -- _gApp. 1. _tSome Key Personnel of Brookhaven National Laboratory and Associated Universities, Inc. |
| 520 | _aFrom Nobel Prize-winning work in atomic physics to community concerns over radiation leaks, Brookhaven National Laboratory's ups and downs track the changing fortunes of "big science" in the United States since World War II. But Brookhaven is also unique; it was the first major national laboratory built specifically for basic civilian research. In Making Physics, Robert P. Crease brings to life the people, the instruments, the science, and the politics of Brookhaven's first quarter-century. | ||
| 610 | 2 | 0 |
_aBrookhaven National Laboratory _xHistory. _913800 |
| 650 | 0 |
_aNuclear physics _xResearch _zNew York (State) _zUpton _xHistory. _913801 |
|
| 900 | _bTOC | ||
| 942 |
_2lcc _cMONOGRAPH |
||
| 999 |
_c121614 _d121614 |
||